| 000 | 00567nam a22001937a 4500 | ||
|---|---|---|---|
| 003 | OSt | ||
| 005 | 20140310182344.0 | ||
| 008 | 130927t xxu||||| |||| 00| 0 eng d | ||
| 020 | _a0312975309 | ||
| 050 |
_aGV 1469.35.P63 _b.Sch35 1999 |
||
| 082 |
_aGS 794.8 _bSch3 1999 |
||
| 100 |
_aSchlesinger, Hank _921891 |
||
| 245 |
_aPokemon fever : _bthe unauthorized guide / _cHank Schlesinger. |
||
| 260 |
_aNew York. _bSt. Martin’s Press _cc1999 |
||
| 300 |
_a205 p. ; _c18 cm. |
||
| 650 |
_aPokeÌmon (Game) _921892 |
||
| 942 |
_2lcc _cBK-GS |
||
| 999 |
_c12192 _d12192 |
||